Chữa ung thư bằng dưỡng sinh : Nguyên nhân, bản chất và phương pháp điều trị

Cuốn sách là sự kết hợp hài hòa giữa lý thuyết chữa bệnh và những kinh nghiệm thực tế, đồng thời khẳng định một chiều rằng: Ung thư có thể chữa khỏi và những phương pháp điều trị ung thư có thể thực hiện được, ngay cả trong sinh...

詳細記述

保存先:
書誌詳細
第一著者: Jo, Ki-Yong
フォーマット: 図書
言語:Undetermined
出版事項: Hà Nội Thế giới 2018
主題:
タグ: タグ追加
タグなし, このレコードへの初めてのタグを付けませんか!
Thư viện lưu trữ: Trung tâm Học liệu Trường Đại học Cần Thơ
LEADER 01099nam a2200229Ia 4500
001 CTU_231004
008 210402s9999 xx 000 0 und d
020 |c 110000 
082 |a 616.9940654 
082 |b J62 
100 |a Jo, Ki-Yong 
245 0 |a Chữa ung thư bằng dưỡng sinh : 
245 0 |b Nguyên nhân, bản chất và phương pháp điều trị 
245 0 |c Ki-Yong Jo ; MJAKL (dịch) 
260 |a Hà Nội 
260 |b Thế giới 
260 |c 2018 
520 |a Cuốn sách là sự kết hợp hài hòa giữa lý thuyết chữa bệnh và những kinh nghiệm thực tế, đồng thời khẳng định một chiều rằng: Ung thư có thể chữa khỏi và những phương pháp điều trị ung thư có thể thực hiện được, ngay cả trong sinh hoạt hằng ngày. 
650 |a Ung thư,Cancer 
650 |x Khía cạnh dinh dưỡng,Nutritional aspects 
910 |b dqhieu 
980 |a Trung tâm Học liệu Trường Đại học Cần Thơ